| 000 | 00662nam a2200193 a 4500 | ||
|---|---|---|---|
| 001 | 000871652 | ||
| 003 | AM-YEHGA | ||
| 005 | 20250617160341.0 | ||
| 008 | 120302s1951 ru r 000 0 rus d | ||
| 040 | _aAM-YeHGA | ||
| 041 | 0 | _arus | |
| 100 | 1 | _aБузулин, Г.С. | |
| 245 | 1 | 0 |
_aСадоводство / _cГ.С. Бузулин; Мин-во трудовых резервов СССР. |
| 260 |
_aМосква : _bТрудрезервиздат, _c1951. |
||
| 300 |
_a392 с. : _bрис., табл. ; _c22 см. |
||
| 650 | 1 | 4 | _aСадоводство |
| 710 | 2 | _aМинистерство трудовых резервов СССР | |
| 090 | _c454389 | ||
| 999 |
_c451450 _d451450 |
||